| 000 | 00445nam a2200193Ia 4500 | ||
|---|---|---|---|
| 005 | 20250425160953.0 | ||
| 008 | 250425s9999 xx 000 0 und d | ||
| 041 | _aspa | ||
| 082 | _a413 | ||
| 100 | _aJACKSON, W. M. | ||
| 245 | 0 | _aDICCIONARIO HISPANICO UNIVERSAL: A - Z | |
| 250 | _a1A ED. | ||
| 260 | _aMEXICO | ||
| 260 |
_aMéxico _bW.M. JACKSON _c1957 |
||
| 300 | _a1463 | ||
| 650 | _aDICCIONARIOS | ||
| 942 | _c01 | ||
| 010 | _a9550 | ||
| 999 |
_c199889 _d199889 |
||